000 01140nam a2200241Ia 4500
999 _c38418
_d38418
001 4429
003 GE_BSU
005 20190516152332.0
008 181216s1986||||ge |||||||||||||| ||geo||
040 _cGE_BSU
041 _ageo
080 _a530.1(076) გ-69
100 _aგორჯოლაძე,ი.
_91229
245 _aგანზომილებათა ანალიზისა და მსგავსების თეორიის ელემენტები : დამხმ. სახელმძღ /
_cი.გორჯოლაძე ; დ.გორგიძე ; ი .თავდუმაძე ; რედ. ე. გიორგაძე
264 _aთბილისი,
_c1986.
300 _a89 გვ .;
_c20 სმ.
653 _aგანზომილებათა ანალიზისა და მსგავსების თეორია
653 _aფიზიკა
700 _aგორგიძე, დ
_91230
700 _aთავდუმაძე,ი
_91231
700 _aგიორგაძე, ი
_eრედაქტორი
_91232
942 _cBK
_2udc